| 000 | 00597 a2200169 4500 | ||
|---|---|---|---|
| 020 | _a0813667259 | ||
| 020 | _a9780813667256 | ||
| 041 | _aspa | ||
| 100 | _aWalker, Colin | ||
| 245 | _aLas Plantas Son Valiosas / escrito por Colin Walker ; ilustraciones de Hilary Ravenscroft ; adaptacion al espanol por Sylvia Madrigal. | ||
| 260 | _aCleveland, Ohio : Modern Curriculum Press, 1990. | ||
| 300 |
_a17 pages : illustrations (some color) ; _c17 x 24 cm. |
||
| 440 | _aConcept science en Espanol., Las plantas. | ||
| 700 | 1 | 0 | _aRavenscroft, Hilary. |
| 700 | 1 | 0 | _aMadrigal., Sylvia |
| 942 | _cBK | ||
| 999 |
_c22080 _d22080 |
||